Open Data Biblioteca Nacional de Portugal


República Portuguesa: Ministério da Cultura
Biblioteca Nacional de Portugal

Catálogo da BNP: acesso por Identificadores Unívocos
Registos Bibliográficos associados ao registo de autoridade

Etiqueta de registo: 00230nam 2200025 450
001 1857284
003 http://id.bnportugal.gov.pt/bib/catbnp/1857284
100 ## $a20131128d2013 k y0pory01030103ba
101 0# $aeng$dpor
102 ## $aPT
105 ## $aa m 000yy
106 ## $ar
200 1# $aMolecular and genomic epidemiology of multidrug resistant Mycobacterium tuberculosis isolates in Lisbon, Portugal$fJoão Ruben Lucas Mota Perdigão$gorient. Isabel Portugal
210 #9 $aLisboa$c[s.n.],$d2013
215 ## $aXXXI, 275 p.$cil.$d30 cm$ecurriculum vitae (16 p.)$edeclaração [2 f.]
215 ## $a1 disco ótico (CD-ROM) em caixa$d13 x 15 x 1 cm
305 ## $aEd. impressa e em CD-ROM
320 ## $aContém bibliografia
328 #1 $aTese dout. Farmácia (Microbiologia), Fac. Farmácia, Univ. Lisboa, 2013
675 ## $a579.87(043)$vBN$zpor$31397285
675 ## $a616.24-002.5(469.411)(043)$vBN$zpor$31557530
700 #1 $aPerdigão,$bJoão Ruben Lucas,$f1983-$31449919
702 #1 $aPortugal,$bIsabel$4727$332169
801 #0 $aPT$bBN$gRPC
966 ## $lBN$mDEM$sS.A. 55412 P.$x1
966 ## $lBN$mFGMON$sS.A. 152266 V.$x1

Etiqueta de registo: 00230nam 2200025 450
001 1770095
003 http://id.bnportugal.gov.pt/bib/catbnp/1770095
100 ## $a20110203d2007 k y0pory0103 ba
101 0# $apor$deng
102 ## $aPT
105 ## $aa m 000yy
106 ## $ar
200 1# $aTuberculose multirresistente em Lisboa$fJoão Ruben Lucas Perdigão
210 #9 $aLisboa$c[s.n.],$d2007
215 ## $aVII, 32 f.$d30 cm$ecurriculum vitae ([5] f.)
215 ## $a1 disco óptico (CD-ROM) em caixa$d19 x 14 x 1 cm
305 ## $aEd. impressa e em CD-ROM
320 ## $aContém bibliografia
328 #1 $aTese mestr. Biologia Molecular e Genética, Dep. de Biologia Vegetal,, Fac. de Ciências, Univ. de Lisboa, 2007
675 ## $a579.87(043)$vBN$zpor$31397285
675 ## $a616-002.5(043)$vBN$zpor$3844162
700 #1 $aPerdigão,$bJoão Ruben Lucas,$f1983-$31449919
801 #0 $aPT$bBN$gRPC
966 ## $lBN$mDEM$sS.A. 49927 P.$x1
966 ## $lBN$mFGMON$sS.A. 139198 V.$x1

Etiqueta de registo: 00254nam 2200025 450
001 2284438
003 http://id.bnportugal.gov.pt/bib/catbnp/2284438
100 ## $a20260415d2026 k y0pory01030103ba
101 0# $aeng$dpor
102 ## $aPT
105 ## $aa m 000yy
106 ## $ar
200 1# $aIn vitro and in vivo studies of antimicrobial peptide B1CTcu5 analogs encapsulated in colon-specific microparticles against Mycobacterium tuberculosis$fCesar Augusto Roque Borda$gsupervisor Fernando Rogério Pavan, João Perdigão
210 #9 $aLisboa$c[s.n.],$d2026
215 ## $a352 p.$cil.$d30 cm
300 ## $aAcesso não autorizado pelo autor por um período de 3 anos
328 #1 $aTese dout. Sciences (Biotechnology, Pharmacy, Microbiology), Faculdade de Ciências Farmacêuticas Câmpus Araraquara, Universidade Estadual "Júlio de Mesquita Filho", Faculdade de Farmácia da Universidade de Lisboa, 2026
675 ## $a60(043)$vBN$zpor$31376044
700 #1 $aBorda,$bCesar Augusto Roque$31995755
702 #1 $aPavan,$bFernando Rogério$4727$31995757
702 #1 $aPerdigão,$bJoão Ruben Lucas,$f1983-$4727$31449919
801 #0 $aPT$bBN$gRPC
966 ## $lBN$mFGMON$sS.A. 193934 V.$x1
971 ## $cabrito$d20260415
973 ## $cigoulao$d20260520
975 ## $e0$d20260528$viquintas

Etiqueta de registo: 00254nam 2200025 450
001 2284524
003 http://id.bnportugal.gov.pt/bib/catbnp/2284524
100 ## $a20260416d2026 k y0pory01030103ba
101 0# $aeng$dpor
102 ## $aPT
105 ## $aa m 000yy
106 ## $ar
200 1# $aExploring the evolutionary history and phylogenetic structure of klebsiella pneumoniae$eintegrating genomic diversity, antimicrobial resistance and hypervirulence in enhanced surveillane strategies$fRita Alexandra Faustino Elias$gorient. João Ruben Lucas Mota Perdigão, Taane Gregory Clark, João Manuel Braz Gonçalves
210 #9 $aLisboa$c[s.n.],$d2026
215 ## $aXXV, 344 p.$cil.$d30 cm
300 ## $aAcesso não autorizado por um período de 3 anos
328 #1 $aTese dout. Farmácia (Microbiologia), Faculdade de Farmácia, Universidade de Lisboa, 2026
675 ## $a615.23(043)$vBN$zpor$3340028
675 ## $a579.84(043)$vBN$zpor$31224994
700 #1 $aElias,$bRita Alexandra Faustino$31995903
702 #1 $aPerdigão,$bJoão Ruben Lucas,$f1983-$4727$31449919
702 #1 $aClark,$bTaane Gregory$4727$31995904
702 #1 $aGonçalves,$bJoão Manuel Brás,$f1967-$4727$3217544
801 #0 $aPT$bBN$gRPC
966 ## $lBN$mFGMON$sS.A. 193852 V.$x1
971 ## $cisantos$d20260416
973 ## $cigoulao$d20260515
975 ## $e0$d20260605$viquintas

OpendataBNP@bnportugal.pt | Mais informação sobre acesso aos dados BNP